| 000 | 00635cam a2200157 4500 | ||
|---|---|---|---|
| 001 | ABS60974 | ||
| 008 | 000000n1999 000 0 eng u | ||
| 035 | _a(Sirsi) u101520 | ||
| 100 | _aRobinson, R. | ||
| 245 | _aContracting purchasers interests - are they properly protected? | ||
| 260 | _c1999 | ||
| 490 |
_aProperty Journal _vJune 1999, 6-8(3) |
||
| 520 | _aAssesses the potential problems associated with contracting purchasers interest clauses in property owners' insurance policies. Discusses what differences the Standard Commercial Property Conditions (First edition) will make. | ||
| 690 |
_aInsurance _96249 |
||
| 942 | _n0 | ||
| 999 |
_c60652 _d60652 |
||